• 首页
  • 本馆介绍
  • 公告通知
  • 最新文献
  • 馆藏检索
  • 电子资源
  • 读者导购
  • 参考咨询
  • 我的图书馆
  • 登录
  • 详细信息显示
  • 放入我的书架
  • 预约/预借图书
  • 作者相关作品
  • 分类相关作品
  • 丛书相关作品
  • 出版社相关作品

书目信息

  • 表格格式
  • 工作单格式
  • 卡片格式
题名:
第二次计算机革命和第五代计算机
    
 
作者: 费吉鲍姆 , Feigenbaum , 麦考黛克 , Mccorduck 著 ;江致远 , 童振华 , 江锦恒 , 江敏 译
分册:  
出版信息: 上海   上海翻译出版公司  1985
页数: 281页
开本: 19cm
丛书名:
单 册:
中图分类: TP387 , G303
科图分类:
主题词: 第五代计算机 , 科学研究--理论
电子资源:
ISBN:
000 01081nam0 2200349 45
001 0185020071
005 20040505162035.9
010    @dCNY1.85
091    @a13311.16
100    @a19900923d1985 em y0chiy0121 ea
101 1  @achi@ceng
102    @aCN@b310000
105    @ay z 000yy
106    @ar
200 10 @a第二次计算机革命和第五代计算机@Adi er ci ji suan ji ge ming he di wu dai ji suan ji@f(美)费吉鲍姆(Feigenbaum,E.A.), (美)麦考黛克(Mccorduck,P.)著@g江致远等译
210    @a上海@c上海翻译出版公司@d1985
215    @a281页@d19cm
606    @a第五代计算机
606 0  @a科学研究@x理论
690    @aTP387@v3
690    @aG303
701  1 @a费吉鲍姆@Afei ji bao mu@bE.A.@4著
701 A1 @aFeigenbaum@bE.A.@4著
701  1 @a麦考黛克@Amai kao dai ke@bP.@4著
701 A1 @aMccorduck@bP.@4著
702  0 @a江致远@Ajiang zhi yuan@4译
702  0 @a童振华@Atong zhen hua@4译
702  0 @a江锦恒@Ajiang jin heng@4译
702  0 @a江敏@Ajiang min@4译
801  0 @aCN@b深圳图书馆@c20040505
801  2 @aCN@bNLC@c20040505
905    @f2@b142714-715@dG303@e21
    
    第二次计算机革命和第五代计算机/(美)费吉鲍姆(Feigenbaum,E.A.), (美)麦考黛克(Mccorduck,P.)著/江致远等译.-上海:上海翻译出版公司,1985
    281页;19cm
    
    
    ISBN :CNY1.85
    
●
相关链接 在E读中查询图书 在五车中查询图书 在当当中查询图书 在豆瓣中查询图书


正题名:第二次计算机革命和第五代计算机     索取号:G303/21         预约/预借

序号 登录号 条形码 馆藏地/架位号 状态 备注
1 0142714   000988603   密集书库/ [索取号:G303/21] 在馆    
2 0142715   000988550   密集书库/ [索取号:G303/21] 在馆    
3 0142716   000988569   第一样本阅览室/ [索取号:G303/21] 在馆    
唐山师范学院图书馆 欢迎您!
大连网信软件有限公司© 版权所有